<?xml version="1.0" encoding="UTF-8"?>
<collection xmlns="http://www.loc.gov/MARC21/slim">
 <record>
  <leader>00512nam a22001575a 4500</leader>
  <controlfield tag="001">CEM.cems015752</controlfield>
  <controlfield tag="005">20100806155036.0</controlfield>
  <controlfield tag="008">130507s1962##################000#0#####d</controlfield>
  <controlfield tag="003">CEMS</controlfield>
  <datafield tag="082" ind1="0" ind2="4">
   <subfield code="a">558.21</subfield>
  </datafield>
  <datafield tag="100" ind1="1" ind2=" ">
   <subfield code="a">Calmens, Aurgusto P</subfield>
  </datafield>
  <datafield tag="245" ind1="1" ind2="0">
   <subfield code="a">Evolución geológica de las sierras de curamalal /</subfield>
   <subfield code="c">Aurgusto P Calmens,</subfield>
  </datafield>
  <datafield tag="260" ind1=" " ind2=" ">
   <subfield code="a">Bahia Blanca :</subfield>
   <subfield code="b">Universidad Nacional del Sur/extensión Cultural,</subfield>
   <subfield code="c">1962</subfield>
  </datafield>
  <datafield tag="300" ind1=" " ind2=" ">
   <subfield code="a">36 p.</subfield>
  </datafield>
  <datafield tag="653" ind1=" " ind2=" ">
   <subfield code="a">Geología</subfield>
  </datafield>
  <datafield tag="859" ind1=" " ind2=" ">
   <subfield code="a">CEMS</subfield>
   <subfield code="b">BIB. CEMS - 11 de abril</subfield>
   <subfield code="h">558.21</subfield>
   <subfield code="i">C136</subfield>
   <subfield code="p">12760.83</subfield>
   <subfield code="t">Ej.1</subfield>
  </datafield>
 </record>
</collection>
